Mechanizácia výroby telesa kapacitného snímača tlaku : Diplomová práca

Salvato in:
Dettagli Bibliografici
Autore principale: Zmajkovič, Štefan (Autore)
Altri autori: Vajo, Pavol (xxx)
Natura: Manoscritto Libro
Lingua:slovacco
Pubblicazione: Trnava : SVŠT v Bratislave StF KMARTP, 1989
Soggetti:
Tags: Aggiungi Tag
Nessun Tag, puoi essere il primo ad aggiungerne!!

MARC

LEADER 00000ntm a22000003a 4500
001 stu75865
005 20160719162702.6
008 020603s1989----cs------------------slo-d
040 |a STU  |b slo 
041 0 |a slo 
044 |a cs 
100 1 |a Zmajkovič, Štefan  |4 aut 
245 1 |a Mechanizácia výroby telesa kapacitného snímača tlaku :  |b Diplomová práca 
260 |a Trnava :  |b SVŠT v Bratislave StF KMARTP,  |c 1989 
300 |a 69 s  |c abstr. + príl. 
650 7 |a mechanizácia výroby  |2 stusub 
650 7 |a snímače tlaku  |2 stusub 
650 7 |a strojárske technológie  |2 stusub 
700 1 |a Vajo, Pavol  |4 xxx  |u M  |T MTF Materiálovotechnologická fakulta  |U M  |Y 60 
996 |b 284M036906  |c M*DP-1606  |l MMSKP  |s P  |a 0  |w stu75865_0001